Online
Catalog

Treinta y dos narradores del sur / (Record no. 26047)

MARC details
000 -CABECERA
campo de control de longitud fija 00827nam a2200229 a 4500
001 - NÚMERO DE CONTROL
campo de control 000026555
005 - FECHA Y HORA DE LA ÚLTIMA TRANSACCIÓN
campo de control 20200930030302.0
008 - DATOS DE LONGITUD FIJA--INFORMACIÓN GENERAL
campo de control de longitud fija 110323s1998 py r 000 0 spa d
040 ## - FUENTE DE LA CATALOGACIÓN
Centro catalogador/agencia de origen DO-SdBNP
Lengua de catalogación spa
Centro/agencia transcriptor BNPHU
082 ## - NÚMERO DE LA CLASIFICACIÓN DECIMAL DEWEY
Número de clasificación xxx
Número de documento/Ítem T787
049 ## - FONDOS LOCALES (OCLC)
Fondos de biblioteca BNGR
245 01 - MENCIÓN DE TÍTULO
Título Treinta y dos narradores del sur /
Mención de responsabilidad, etc. prólogo de Poli Délano ; antólogos, Horacio Salas ... [et al.].
260 ## - PUBLICACIÓN, DISTRIBUCIÓN, ETC.
Lugar de publicación, distribución, etc. Asunción, (Paraguay) :
Nombre del editor, distribuidor, etc. Don Bosco ;
-- Grupo Velox,
Fecha de publicación, distribución, etc. 1998.
300 ## - DESCRIPCIÓN FÍSICA
Extensión 406 p. ;
Dimensiones 20 cm.
500 ## - NOTA GENERAL
Nota general Incluye datos del autor en la solapa de la contracubierta
500 ## - NOTA GENERAL
Nota general Notas: "Noticia biobibliográfica" (p. 391-403).
700 1# - PUNTO DE ACCESO ADICIONAL--NOMBRE DE PERSONA
Nombre de persona Délano, Poli,
Término indicativo de función/relación pról.
9 (RLIN) 44607
700 1# - PUNTO DE ACCESO ADICIONAL--NOMBRE DE PERSONA
Nombre de persona Romano de Sant´Anna, Alfono
9 (RLIN) 53657
700 1# - PUNTO DE ACCESO ADICIONAL--NOMBRE DE PERSONA
Nombre de persona Fogel, Gerardo
9 (RLIN) 53658
700 1# - PUNTO DE ACCESO ADICIONAL--NOMBRE DE PERSONA
Nombre de persona Benavides, Washington
9 (RLIN) 53659
740 0# - PUNTO DE ACCESO ADICIONAL--TÍTULO RELACIONADO O ANALÍTICO NO CONTROLADO
Título relacionado o analítico no controlado 32 narradores del sur
Holdings
Estado de retiro Estado de pérdida Restricciones de uso No para préstamo Código de colección Localización permanente Ubicación/localización actual Ubicación en estantería Fecha de adquisición Número de inventario Total de préstamos Signatura topográfica completa Código de barras Fecha visto por última vez Precio válido a partir de Tipo de ítem Koha
        Monografías: Libros y Folletos General General En catalogación 23.03.2011 LF1   xxx T787 26555-10 25.06.2020 25.06.2020 Préstamo en sala

Powered by Koha